Statistics for Embarrassing Chapters in Italian History

Click here to take the quiz!

General Stats

  • This quiz has been taken 10,045 times
  • The average score is 14 of 20

Answer Stats

ClueAnswer% Correct
After marching on Rome, this leader comes to power in 1922Benito Mussolini
98%
Italy enters this war on the side of Germany, but performs poorly in the fieldWWII
94%
This U.S. coffee chain establishes a store in Milan in 2018, with long lines
of customers outside
Starbucks
93%
... who then procedes to establish this "ism" in Italy{Fasc}ism
92%
Six seismologists are jailed in 2012 for not predicting one of theseEarthquake
89%
Reports in the 2010s indicate that most of Italy's exports of this "extra virgin"
product are counterfeit
Olive Oil
86%
Italy violates the Geneva Convention by using mustard gas during its short-lived
conquest of this African nation
Ethiopia
83%
This Frenchman establishes himself as King of Italy in 1805Napoleon Bonaparte
83%
This organization, also known as "Cosa Nostra", spreads crime
and corruption throughout much of the world
Sicilian Mafia
81%
Merchants from this city steal the remains of Saint Mark from Alexandria in 828 ADVenice
79%
Ferrari loses to this American automaker at the 24 Hours of Le Mans race in 1966Ford
72%
This insane Roman emperor, known as "Little Boot", supposedly plans to promote
his horse to the rank of consul
Caligula
65%
The Roman Inquisition denounces this theory, claiming instead that the Sun
revolves around the Earth
{Helio}centrism
65%
This Carthaginian general kills 50,000 Roman soldiers at the Battle of CannaeHannibal
64%
One of these types of ships sinks in 2012 with 32 deaths. Not among the dead is
the Italian captain who claims he "fell into" a lifeboat.
Cruise Ship
60%
This former Prime Minister is convicted of tax fraud in 2013Silvio Berlusconi
59%
Radiocarbon dating shows that this piece of cloth was not actually used to bury JesusShroud of Turin
43%
This illegitimate son of a pope supposedly holds an orgy at the Papal Palace
called the "Banquet of Chestnuts"
Cesare {Borgia}
33%
This nuclear physicist is forced to flee Italy for the United States in 1938 because
of anti-Jewish laws that threatened his wife
Enrico Fermi
31%
Early Romans need women, so they steal them from this nearby tribeSabines
25%

Score Distribution

Percentile by Number Answered

Percent of People with Each Score

Your Score History

You have not taken this quiz